000 00352nam a2200145Ia 4500
008 230917s9999||||xx |||||||||||||| ||und||
040 _e39188
_aMAIN
041 _aEnglish
082 _a822.09 E48E
100 _aBrown, John Russel, S ed.
245 0 _aElizabethan theater
260 _aLondon
_bEdward Arnold
_c1966
300 _a248 p.
942 _cBK
999 _c67403
_d67403